Peoples : the ethnic dimension in human relations /

Saved in:
Bibliographic Details
Main Author: Rose, Jerry D., 1933-
Format: Book
Language:English
Published: Chicago : Rand McNally College Pub. Co., c1976.
Series:Rand McNally sociology series
Subjects:
LEADER 01025nam a2200289 i 4500
001 c000326401
003 CARM
005 00000000000000.0
008 760811s1976 ilu b 00110 eng
019 1 |a 740789  |5 LACONCORD2021 
020 |a 0528680226 
035 |a (OCoLC)2401354  |5 LACONCORD2021 
040 |a AIEA 
050 0 0 |a HM291  |b .R593 
100 1 |a Rose, Jerry D.,  |d 1933- 
245 1 0 |a Peoples :  |b the ethnic dimension in human relations /  |c Jerry D. Rose. 
260 |a Chicago :  |b Rand McNally College Pub. Co.,  |c c1976. 
300 |a xii, 201 p. ;  |c 23 cm. 
490 0 |a Rand McNally sociology series 
504 |a Includes bibliographical references and indexes. 
650 0 |a Ethnicity. 
650 0 |a Identity (Psychology) 
852 8 |b CARM  |h A1:AP34E0  |i C09363  |p 0353105  |f BK 
082 0 4 |a 305.8  |2 19 
082 0 4 |a 301.45/1/042 
999 f f |i b6ce14e0-9740-5103-95ec-fd868ab7166a  |s c63ab21c-52ba-53f5-b6e1-b8341c4eec17 
952 f f |p Can circulate  |a CAVAL  |b CAVAL  |c CAVAL  |d CARM 1 Store  |e C09363  |f A1:AP34E0  |h Other scheme  |i book  |m 0353105